| 000 | 00928cam a2200277 4500 | ||
|---|---|---|---|
| 001 | M1477 | ||
| 008 | 090401t1994 xxu||||| |||| 00| 0 eng d | ||
| 035 | _a(Sirsi) u32281 | ||
| 041 | _aeng | ||
| 050 | _a333.007 | ||
| 090 | _aRICS 1994/12AC | ||
| 110 |
_aRoyal Institution of Chartered Surveyors _94900 |
||
| 245 | _aEducation policy: trends in recruitment, education, training and development: a strategy for action. | ||
| 260 |
_aLondon _bRICS _c1994 |
||
| 300 | _ai,17p. ; 30cm. | ||
| 350 | _a0 | ||
| 520 | _aA discussion document prepared by the Education and Membership Committee chaired by Tom Kennie, March 1994. | ||
| 650 | _aCAREER DEVELOPMENT | ||
| 650 | _aEDUCATION AND MEMBERSHIP COMMITTEE | ||
| 650 | _aEDUCATION POLICY REVIEW | ||
| 650 | _aKENNIE REPORT | ||
| 690 | _aMANAGEMENT-BUSINESS MANAGEMENT-PROFESSIONAL PRACTICE | ||
| 700 |
_aKennie, Tom _xChairman |
||
| 942 | _n0 | ||
| 948 | _c04/03/1997 | ||
| 999 |
_c89707 _d89707 |
||